007780000a22002770004500500002800000650001200028650001800040650001500058650001800073650002600091650002200117650002100139650001900160651001600179650001300195082002100208518001300229530000800242100001900250245012400269260002100393502006000414260000900474041000800483300000900491 aIncludes bibliographies aFeeding aBirth control aPopulation aChild rearing aCommunity development aChild development aHealth education aBreast feeding aJorpati VDC aBrahmins a649.33bSi64scD a20011112 aDis aSingh, Sumitra aStudy on breast feeding and child rearing practice in Brahmin community in Jorpati Village of Kathmandu District, Nepal aKathmandu, Nepal aDissertationbDegree in Education, Tribhuvan University c2000 aEng a55p.